| 000 | 00556cam a2200217ua 4500 | ||
|---|---|---|---|
| 001 | 3833 | ||
| 005 | 20260515113734.0 | ||
| 008 | 111207n ii |||gr||||Z||||||asm | ||
| 040 | _cMAIN | ||
| 082 | _a782.25 | ||
| 100 |
_aPathak, Dayananda, _eEditor., |
||
| 245 | 1 | 1 |
_aBorgeet _ced. by Dayananda Pathak |
| 250 | _a1st. | ||
| 260 |
_aGuwahati: _bChetana Prakash,993. |
||
| 300 |
_a59p: _c23cm. |
||
| 653 | _aAssamese song | ||
| 653 | _aBorgit | ||
| 700 |
_aSarma, Rajani Kanta, _eEditor., |
||
| 700 |
_aSankardeva & Madhavadeva, _eAuthor. |
||
| 942 | _cBK | ||
| 999 |
_c3655 _d3655 |
||